Nine Divisions of United States - Click Map Quiz - Statistics

General Stats
  • This quiz has been taken 312 times
  • The average score is 7 of 9
Answers on the Map
Answers color-coded by a green-red scale on the quiz's map according to % correct below.
 
Answer Stats
Answer % Correct
New England
85%
Pacific
85%
Mountain
82%
East North Central
80%
East South Central
78%
South Atlantic
78%
Middle Atlantic
76%
West South Central
76%
West North Central
74%
No matching quizzes found
Score Distribution
Percent of People with Each Score
Percentile by Number Answered
Your Score History
You have not taken this quiz